| 000 | 00470nam a2200145 a 4500 | ||
|---|---|---|---|
| 001 | 000028507 | ||
| 005 | 20250401135254.0 | ||
| 008 | 110408s1984 dr 000 0 spa d | ||
| 040 |
_aDO-SdBNP _bspa _cBNPHU |
||
| 082 |
_axxx _bJ96a |
||
| 100 | 1 |
_aJusto Duarte, Amaury, _d1942- _98575 |
|
| 245 | 1 | 0 |
_aAcerca del trotskismo y el carácter de la revolución / _cAmaury Justo Duarte. |
| 260 |
_aSanto Domingo : _bEditora Universitaria - UASD, _c1984. |
||
| 300 |
_a27 p. ; _c21 cm. |
||
| 999 |
_c27999 _d27999 |
||